000 00699nam a22002297a 4500
999 _c373
_d373
003 AR-CdUCM
008 190223b ||||| |||| 00| 0 spa d
020 _a8430507531
040 _aMUNICIPALIDAD PROVINCIAL DEL CUSCO
_cBIBLIOTECA MUNICIPAL DEL CUSCO
082 _a818.36 /
_bM41
100 _aMelville, Herman
_91506
245 _aMoby Dick /
260 _aBarcelona :
_bEdiciones Susaeta,
300 _a136 páginas ;
_bilustraciones,
_c22 cm.
440 _aColección Saeta.
_91507
650 _aNovelas estadounidenses
_9734
650 _aNovelas siglo XIX
_9853
650 _aNovelas del mar
_91508
700 _aMontero, J. P. (ilustraciones)
_91509
942 _2ddc
_cLIBROS
945 _azta